El desarrollo de la competencia
| Autor principal: | |
|---|---|
| Format: | Llibre |
| Idioma: | espanyol |
| Publicat: |
[s.l.] :
[s.n.],
197?
|
| Matèries: |
MARC
| LEADER | 00000nam a2200000Ia 4500 | ||
|---|---|---|---|
| 008 | 180227bs xxu||||| |||| 00| | spa d | ||
| 999 | |c 1574 |d 1574 | ||
| 090 | |a 06.02.01 |b 831 | ||
| 100 | 1 | |a Nardine, Frank E. |9 3425 | |
| 245 | 1 | 3 | |a El desarrollo de la competencia |
| 260 | |a [s.l.] : |b [s.n.], |c 197? | ||
| 300 | |a paginación irregular | ||
| 650 | 1 | 4 | |a EDUCACIÓN |9 1 |
| 650 | 1 | 4 | |a COMPETENCIA |9 345 |
| 650 | 1 | 4 | |a ESTRATEGIAS EDUCATIVAS |9 812 |
| 650 | 1 | 4 | |a APRENDIZAJE |9 387 |
| 942 | |i 001266 |h 06.02.01 831 |2 z |c 01 | ||
